Tilastot visalle Puolan naapurimaat

Klikkaa tästä pelataksesi tätä visaa!

Yleistilastot

  • Tätä visaa on pelattu 1 378 kertaa
  • Keskiarvotulos 7 / 7

Vastaustilastot

PituusValtio% Oikein
467 kmSaksa
99%
104 kmLiettua
96%
541 kmSlovakia
94%
796 kmTšekki
94%
418 kmValko-Venäjä
93%
210 kmVenäjä (Kaliningrad)
93%
535 kmUkraina
89%

Tulosjakauma

Persentiili vastausten määrän mukaan

Jokaisen tuloksen saaneiden osuus

Tuloshistoriasi

Et ole pelannut tätä visaa